Регионална библиотека "Любен Каравелов" - Русе

Превозните средства, които промениха света (Запис номер 491761)

MARC детайли
000 -Лидер
Контролно поле с фиксирана дължина 01212nam a2200301 a 4500
003 - Код на организацията, давaща контролен номер
Контролно поле BLK
005 - Дата и час на последна редакция
Контролно поле 20250607104056.0
008 - Елементи от данни с фиксирана дължина
fixed length control field 180409b bul|||||r ||||||| ||bul||
010 ## - Наследен системен номер
LC control number KNG00138652000
020 ## - Международен стандартен номер на книга ISBN
Международен стандартен номер на книга ISBN 9786192460907
Поясняваща информация 978-619-246-090-7
040 ## - Източник на каталожния запис
Идентификатор на билиотеката - собственик на записа BLK
041 ## - Код за език
Код за езика на текст/звукозапис или на отделно заглавие Български
Код за езика КДБФ Български
080 ## - УДК
Текстов определител УДК Техника на транспортните средства
УДК код - определител по УДК 629
УДК - код + определител 629
139 ## - Редно поле
Редна дума Превозните средства, които промениха света
Авторски знак Пре - П 85
245 10 - Сведения за заглавието
Заглавие Превозните средства, които промениха света
Редно поле (дума) текст Степанка Секанинова, Том Велковски; ил. Мартин Содомка
260 ## - Област на издателските данни
Място на издаване, разпространение и проч. София
Име на издателя, разпространителя и проч. Робертино
Година на издаване 2023
9 (RLIN) 402164
300 ## - Физическа характеристика
Страници 64 с.
Илюстрации и др. с цв. ил.
Размери/Мащаб 27 см
380 ## - Жанр
Жанр Детска отраслова лит.
700 ## - Други автори (авторска отговорност)
9 (RLIN) 487931
Лично име Секанинова, Степанка
Друга информация Секанинова, Щепанка
700 ## - Други автори (авторска отговорност)
9 (RLIN) 487932
Лично име Велковски, Том
700 ## - Други автори (авторска отговорност)
9 (RLIN) 487933
Лично име Содомка, Мартин, 1968-
852 ## - Местоположение
Форматна сигнатура Цб ІІ 32081
Фондова буква Хранилище
856 4# - Електронен адрес и достъп
Електронен формат pdf - файл
856 4# - Електронен адрес и достъп
Електронен формат pdf - файл
942 ## - АРТИКУЛИ
Вид на библиотечния материал Книги
Скрит в OPAC Не
Koha issues (borrowed), all copies 18
944 ## - СЪЗДАВАНЕ И РЕДАКЦИЯ на ЗАПИСА
Създаване/Редакция Създаване
Служител, извършил регистрацията/редакцията 30551
Статус, дата на статуса Бояна Костадинова
999 ## - СИСТЕМНИ КОНТРОЛНИ НОМЕРА
Koha biblionumber 491761
Koha biblioitemnumber 491761
999 ## - СИСТЕМНИ КОНТРОЛНИ НОМЕРА
Koha biblioitemnumber 491761
Наличности
Код за отписване Код за изгубен артикул Източник на класификационната схема Код за повреда Код за отдаване Артикулен № Име на библиотеката - собственик Име на библиотеката, в която се намира в момента Статус (Текущо местоположение) Дата на вписване в системата Местоположение - отдел Цена в лева Инвентарен номер Систематично азбучна сигнатура Баркод Цена в евро Служебен тип на артикула Коз за рестрикции
  Не е изгубен Universal Decimal Classification Не е повреден заемане за дома 929066 Регионална библиотека "Любен Каравелов" Русе Регионална библиотека "Любен Каравелов" Русе Детски отдел 2023-06-07 Детски отдел 18.89 120000888265 629/П 85 120000888265 9.66 Книги  
  Не е изгубен Universal Decimal Classification Не е повреден заемане за дома 929067 Регионална библиотека "Любен Каравелов" Русе Регионална библиотека "Любен Каравелов" Русе Детски отдел 2023-06-07 Детски отдел 18.89 120000888264 629/П 85 120000888264 9.66 Книги  
  Не е изгубен Universal Decimal Classification Не е повреден ползва се в читалня 931803 Регионална библиотека "Любен Каравелов" Русе Регионална библиотека "Любен Каравелов" Русе Хранилище 2023-08-03 Хранилище 26.99 120000891053 Цб ІІ 32081 120000891053 13.80 Книги само за читалня
Vip Innovations Ltd, Rousse, Bulgaria 2025